CHELSEA's Community/Charity Shield Teams Quiz Stats

 Plays Quiz not verified by Sporcle

Challenge
Share
Tweet
Embed
Score 0/196 Timer 16:00
0 Plays Today
% Correct
David Luiz
100%
Petr Čech
97.8%
Petr Čech
97.8%
Petr Čech
97.8%
Petr Čech
97.8%
John Terry (c)
97.4%
John Terry (c)
97.4%
John Terry (c)
97.4%
John Terry (c)
97.4%
John Terry (c)
97.4%
Eden Hazard
96.4%
John Terry (c)
96.4%
Thibaut Courtois
96.4%
Ashley Cole
96%
Ashley Cole
96%
Ashley Cole
96%
Ashley Cole
96%
Frank Lampard
95.6%
Frank Lampard
95.6%
Frank Lampard
95.6%
Frank Lampard (c)
95.6%
Joe Cole
95.6%
Frank Lampard
95.6%
Frank Lampard
95.6%
Joe Cole
95.6%
Thibaut Courtois
95.1%
Didier Drogba
93.8%
Didier Drogba
93.8%
Didier Drogba
93.8%
Didier Drogba
93.8%
Gary Cahill
92.8%
Gary Cahill (c)
92.7%
Branislav Ivanović
91.6%
Branislav Ivanović
91.6%
Branislav Ivanović
91.6%
Branislav Ivanović
91.6%
Roberto Di Matteo
91.2%
Roberto Di Matteo
91.2%
Roberto Di Matteo
91.2%
Willian
90.4%
Cesc Fàbregas
90.4%
César Azpilicueta
90.4%
David Luiz
90.2%
José Mourinho
88.1%
José Mourinho
88.1%
José Mourinho
88.1%
José Mourinho
88%
Cesc Fàbregas
87.8%
Eden Hazard
87.7%
Ricardo Carvalho
87.2%
Ricardo Carvalho
87.2%
Carlo Cudicini
87.2%
Ricardo Carvalho
87.2%
John Obi Mikel
86.8%
John Obi Mikel
86.8%
John Obi Mikel
86.8%
John Obi Mikel
86.8%
John Obi Mikel
86.8%
Nicolas Anelka
86.3%
Nicolas Anelka
86.3%
César Azpilicueta (c)
85.7%
Fernando Torres
85.5%
Willian
85.4%
Victor Moses
85.4%
Nemanja Matić
84.3%
Michael Essien
84.1%
% Correct
Michael Essien
84.1%
Michael Essien
84.1%
Michael Essien
84.1%
Salomon Kalou
83.3%
Salomon Kalou
83.3%
Salomon Kalou
83.3%
Ed de Goey
83.3%
Ed de Goey
83.3%
Antonio Conte
82.9%
César Azpilicueta
82.9%
David Luiz
82.8%
Florent Malouda
82.8%
Florent Malouda
82.8%
Florent Malouda
82.8%
Damien Duff
82.8%
Claude Makélélé
82.8%
Arjen Robben
82.4%
Arjen Robben
82.4%
Gianfranco Zola
81.9%
Gianfranco Zola
81.9%
Oscar
81.9%
Carlo Ancelotti
81.5%
Carlo Ancelotti
81.5%
N'Golo Kanté
80.5%
Michael Ballack
79.7%
Michael Ballack
79.7%
Juan Mata
79.3%
Pedro
78%
Dennis Wise (c)
78%
Dennis Wise (c)
78%
Marcel Desailly
77.1%
Paulo Ferreira
76.7%
Paulo Ferreira
76.7%
Paulo Ferreira
76.7%
Eiður Guðjohnsen
76.2%
Eiður Guðjohnsen
76.2%
Gianluca Vialli
76.2%
Gianluca Vialli
76.2%
Marcos Alonso
75.6%
Ramires
74.4%
Hilário
74.4%
Ramires
73.5%
Jimmy Floyd Hasselbaink
72.2%
Willy Caballero
71.4%
Cesc Fàbregas
71.4%
Pedro
71.4%
Álvaro Morata
71.4%
Willian
71.4%
Álvaro Morata
70.7%
Andriy Shevchenko
69.2%
Gustavo Poyet
69.2%
Gustavo Poyet
69.2%
José Bosingwa
68.3%
William Gallas
67.8%
Frank Leboeuf
67.4%
Frank Leboeuf
67.4%
Asier del Horno
66.1%
Ruud Gullit
66.1%
Wayne Bridge
65.6%
Michy Batshuayi
63.4%
Glen Johnson
62.6%
Celestine Babayaro
61.7%
Dan Petrescu
59.9%
Mark Hughes
57.7%
Marcos Alonso
57.1%
Jorginho
57.1%
% Correct
Victor Moses
57.1%
Daniel Sturridge
56.8%
Daniel Sturridge
56.8%
Graeme Le Saux
56.8%
Victor Moses
56.6%
Ryan Bertrand
55.5%
Shaun Wright-Phillips
55.5%
Shaun Wright-Phillips
55.5%
Hernán Crespo
55.5%
Shaun Wright-Phillips
55.5%
Loïc Rémy
54.2%
Mario Melchiot
53.7%
Peter Osgood
52.4%
Antonio Rüdiger
51.2%
Peter Bonetti
51.1%
Deco
48.9%
Ron Harris (c)
46.7%
Scott Sinclair
45.8%
Frank Sinclair
45.8%
Kurt Zouma
45.8%
Geremi
44.1%
Geremi
44.1%
Steve Clarke
43.6%
Ross Barkley
42.9%
Tiago
39.2%
Jody Morris
39.2%
Jody Morris
39.2%
Yuri Zhirkov
35.7%
Mario Stanić
31.3%
Tal Ben Haim
30.4%
Callum Hudson-Odoi
28.6%
Danny Drinkwater
28.6%
Tammy Abraham
28.6%
Roy Bentley
23.8%
David Webb
22.9%
Dave Sexton
22.5%
Claudio Pizarro
21.1%
John Hollins
21.1%
Ian Hutchinson
21.1%
Steve Sidwell
20.3%
Lassana Diarra
19.8%
Lassana Diarra
19.8%
Yossi Benayoun
19.4%
Radamel Falcao
19.3%
Alan Hudson
18.9%
Ted Drake
17.2%
Antonio Rüdiger
14.3%
Peter Houseman
13.7%
Danny Granville
10.1%
Marvin Hinton
10.1%
Charly Musonda
9.8%
Jeffrey Bruma
9.3%
Peter Sillett
7.9%
Keith Weller
5.7%
Ken Armstrong
5.3%
Peter Brabrook
4.8%
Frank Blunstone
4.8%
Paddy Mulligan
4.4%
Eric Parsons
4.4%
Bill Robertson
3.1%
Stan Willemse
2.2%
Stan Wicks
2.2%
Derek Saunders
1.8%
Les Stubbs
1.8%

You're not logged in!

Compare scores with friends on all Sporcle quizzes.
Join for Free
OR
Log In

You Might Also Like...

Show Comments

Extras

Top Quizzes Today


Score Distribution

Your Account Isn't Verified!

In order to create a playlist on Sporcle, you need to verify the email address you used during registration. Go to your Sporcle Settings to finish the process.

Report this User

Report this user for behavior that violates our Community Guidelines.

Details: